000 00426pab a2200157 454500
008 180718b2013 xxu||||| |||| 00| 0 eng d
100 _aHaskar, P.N.
245 _aHuman resources development - Experiences and experiments
260 _c2013
300 _ap.21-26.
362 _aJul-Sep
650 _aHuman resources development
773 _aIndian Journal of Training and Development
908 _aN
909 _a103155
999 _c103152
_d103152